الثعابين / (رقم التسجيلة. 77211)

تفاصيل مارك
000 -LEADER
fixed length control field 00606nam a22002177a 4500
005 - DATE AND TIME OF LATEST TRANSACTION
control field 20251108172347.0
008 - FIXED-LENGTH DATA ELEMENTS--GENERAL INFORMATION
fixed length control field 250721s1991 xx 000 0 ara d
020 ## - INTERNATIONAL STANDARD BOOK NUMBER
International Standard Book Number 9770231797
082 14 - DEWEY DECIMAL CLASSIFICATION NUMBER
Classification number ط/ 597.96
100 1# - MAIN ENTRY--PERSONAL NAME
Personal name هوك، جون
245 10 - TITLE STATEMENT
Title الثعابين /
250 ## - EDITION STATEMENT
Edition statement ط.4
264 1# - PRODUCTION, PUBLICATION, DISTRIBUTION, MANUFACTURE, AND COPYRIGHT NOTICE
Place of production, publication, distribution, manufacture القاهرة :
Name of producer, publisher, distributor, manufacturer دار المعارف،
Date of production, publication, distribution, manufacture, or copyright notice 1991.
300 ## - PHYSICAL DESCRIPTION
Extent 66ص : مص
490 0# - SERIES STATEMENT
Series statement كتابك الأول عن
Volume/sequential designation 3
650 17 - SUBJECT ADDED ENTRY--TOPICAL TERM
Topical term or geographic name as entry element الثعابين
653 ## - INDEX TERM--UNCONTROLLED
Uncontrolled term ناشئون كبار (15-18 سنة)
700 1# - ADDED ENTRY--PERSONAL NAME
Personal name كامل، عبد الحليم
Relator term Tran.
942 ## - ADDED ENTRY ELEMENTS (KOHA)
Source of classification or shelving scheme Dewey Decimal Classification
Koha item type كتب
المقتنيات
حالة السحب حالة الفقدان مصدر التصنيف حالة التلف غير قابل للإعارة المكتبة الرئيسية المكتبة الحالية موقع الرف تاريخ التزويد الرقم المتسلسل Total Checkouts رقم الإستدعاء الباركود تاريخ آخر ظهور تاريخ الفاتورة نوع المادة (كوها)
    Dewey Decimal Classification     مكتبة أم المؤمنين للأطفال مكتبة أم المؤمنين للأطفال الأطفال 28/07/2025 419608   ط/ 597.96 419608 28/07/2025 28/07/2025 كتب
Implemented & Customized by: BBB with SCIT (Smart Chains for Information Technology)

Powered by Koha